[Event "HUN-chT Region CSB"]
[Site "Hungary"]
[Date "2022.04.09"]
[Round "10.5"]
[White "Sebok, Daniel"]
[Black "Kossela, Peter"]
[Result "0-1"]
[WhiteElo "1174"]
[BlackElo "1719"]
[PlyCount "82"]
[EventDate "2021.11.06"]
[EventType "team-swiss"]
[EventRounds "10"]
[EventCountry "HUN"]
[SourceTitle "EXT 2023"]
[Source "ChessBase"]
[SourceDate "2022.10.05"]
[SourceVersion "1"]
[SourceVersionDate "2022.10.05"]
[SourceQuality "1"]
[WhiteTeam "Gyor Arrabona"]
[BlackTeam "Tatabanya II"]
[WhiteTeamCountry "HUN"]
[BlackTeamCountry "HUN"]

1. d4 Nf6 2. Bf4 c5 3. c3 Qb6 4. Qb3 Qxb3 5. axb3 cxd4 6. cxd4 Nc6 7. Nf3 Nb4 8. Na3 e6 9. e3 Nbd5 10. Bg3 Bb4+ 11. Kd1 h5 12. Nb5 a6 13. Nd6+ Bxd6 14. Bxd6 Ne4 15. Bg3 g5 16. h4 g4 17. Ng5 Nxe3+ 18. Ke2 Nxg3+ 19. fxg3 Nf5 20. Kf2 d5 21. Rd1 f6 22. Nxe6 Bxe6 23. Bd3 Kf7 24. Rc1 Rac8 25. Rc3 Nxd4 26. Rhc1 Nxb3 27. Rxc8 Rxc8 28. Rxc8 Bxc8 29. Ke3 Nc5 30. Bc2 Ne4 31. Kf4 b5 32. Bb3 Be6 33. Bc2 a5 34. Bd3 Bd7 35. Bc2 a4 36. b3 a3 37. Bb1 Nc3 38. Bf5 a2 39. Bxd7 a1Q 40. Bxb5 Nxb5 41. Kf5 Qe5# 0-1

[Event "HUN-ch U12"]
[Site "Tapolca"]
[Date "2020.08.19"]
[Round "7"]
[White "Kossela, Peter"]
[Black "Foldes, Marton Gabor"]
[Result "0-1"]
[WhiteElo "1765"]
[BlackElo "1698"]
[PlyCount "54"]
[EventDate "2020.08.15"]
[EventType "swiss"]
[EventRounds "7"]
[EventCountry "HUN"]
[SourceTitle "EXT 2023"]
[Source "ChessBase"]
[SourceDate "2022.10.05"]
[SourceVersion "1"]
[SourceVersionDate "2022.10.05"]
[SourceQuality "1"]
[WhiteTeam "Hungary"]
[BlackTeam "Hungary"]
[WhiteTeamCountry "HUN"]
[BlackTeamCountry "HUN"]

1. e4 c5 2. Nf3 Nc6 3. d4 cxd4 4. Nxd4 Qb6 5. Nxc6 bxc6 6. Nc3 e5 7. Bc4 Nf6 8. 0-0 h6 9. Bb3 d6 10. Be3 Qc7 11. Qe2 Be7 12. Rad1 0-0 13. h3 a5 14. Qd2 Ba6 15. Rfe1 Kh7 16. f4 Nd7 17. f5 Bh4 18. Bf2 Be7 19. Ne2 a4 20. Bxa4 Bxe2 21. Bxc6 Qxc6 22. Qxe2 Rxa2 23. c3 Rb8 24. Rd2 Nf6 25. g4 Ra4 26. h4 Rxe4 27. Qd1 Rxg4+ 0-1

[Event "HUN-chT2 Breyer 1718"]
[Site "Hungary"]
[Date "2018.05.06"]
[Round "11.12"]
[White "Kossela, Peter"]
[Black "Lang, Simon1111"]
[Result "1-0"]
[WhiteElo "1216"]
[BlackElo "1185"]
[PlyCount "83"]
[EventDate "2017.09.24"]
[EventType "team-tourn"]
[EventRounds "11"]
[EventCountry "HUN"]
[SourceTitle "EXT 2021"]
[Source "ChessBase"]
[SourceDate "2020.10.23"]
[SourceVersion "1"]
[SourceVersionDate "2020.10.23"]
[SourceQuality "1"]
[WhiteTeam "Naszaly Geniusz Tata"]
[BlackTeam "Nyergesujfalu"]
[WhiteTeamCountry "HUN"]
[BlackTeamCountry "HUN"]

1. e4 g6 2. d4 Bg7 3. Nf3 d6 4. Bf4 Nf6 5. Bd3 Bg4 6. Nbd2 0-0 7. h3 Bxf3 8. Nxf3 Nbd7 9. Qd2 Re8 10. Bh6 e5 11. Bxg7 Kxg7 12. d5 Nc5 13. Qe2 a6 14. Nd2 Qd7 15. b3 Nxd3+ 16. Qxd3 b5 17. a4 c6 18. axb5 cxb5 19. 0-0 Nh5 20. Ra2 Nf4 21. Qf3 f5 22. Rfa1 fxe4 23. Qxe4 Qb7 24. c4 Ra7 25. cxb5 Qxb5 26. Qc4 Qxd5 27. Qxd5 Nxd5 28. Rxa6 Rd7 29. Ne4 Re6 30. Nc5 Ree7 31. Nxd7 Rxd7 32. Ra7 Re7 33. Rxe7+ Nxe7 34. Ra6 Nc8 35. b4 Kf6 36. Kf1 Ke7 37. Ke2 Kd7 38. Kd3 Kc7 39. Kc4 Kb7 40. Ra3 Nb6+ 41. Kb5 Nc8 42. Rf3 1-0